[Event "CAN-op"]
[Site "Victoria CAN"]
[Date "2012.07.08"]
[Round "1"]
[White "Wagner, Bernd"]
[Black "Herdin, Matthew"]
[Result "1-0"]
[WhiteElo "2218"]
[BlackElo "1923"]
[PlyCount "115"]
[GameId "2160767909442523"]
[EventDate "2012.07.08"]
[EventType "swiss"]
[EventRounds "9"]
[EventCountry "CAN"]

1. e4 d6 2. d4 Nf6 3. Nc3 g6 4. Be2 Bg7 5. h4 h5 6. Be3 Ng4 7. Bxg4 Bxg4 8. f3 Bd7 9. Qd2 Na6 10. Nge2 c6 11. O-O-O b6 12. e5 d5 13. Nf4 Nc7 14. g4 Ne6 15. Nce2 hxg4 16. fxg4 Nxf4 17. Nxf4 Bxg4 18. Rdg1 Bh5 19. e6 Bf6 20. Qg2 fxe6 21. Nxe6 Qd6 22. Qh3 Kf7 23. Ng5+ Bxg5 24. Bxg5 Rhf8 25. Re1 Rae8 26. Bh6 Kg8 27. Bxf8 Qf4+ 28. Qe3 Qxe3+ 29. Rxe3 Kxf8 30. Rf1+ Kg7 31. Rf4 e6 32. Kd2 Re7 33. b3 Rf7 34. Rxf7+ Kxf7 35. Rc3 Ke7 36. Rxc6 Kd7 37. Rc3 Bg4 38. Re3 a5 39. c4 dxc4 40. bxc4 Kc6 41. Re5 Bf5 42. Ke3 Kd6 43. a3 Kc6 44. Rb5 Bh3 45. Rg5 Bf5 46. Kf4 Kd6 47. Rg3 Bc2 48. Re3 Bf5 49. Kg5 Kc6 50. Kf6 b5 51. Re5 bxc4 52. Rxa5 c3 53. Rc5+ Kd6 54. Rxc3 Kd5 55. Re3 Kxd4 56. Rxe6 Kc4 57. Re5 Bd3 58. Rg5 1-0

[Event "CAN-op"]
[Site "Victoria CAN"]
[Date "2012.07.08"]
[Round "1"]
[White "Wang, Richard"]
[Black "Daniluk, Jim"]
[Result "1-0"]
[WhiteElo "2322"]
[BlackElo "1968"]
[PlyCount "43"]
[GameId "2160767909442524"]
[EventDate "2012.07.08"]
[EventType "swiss"]
[EventRounds "9"]
[EventCountry "CAN"]
[SourceTitle "CBM 149 Extra"]
[Source "ChessBase"]
[SourceDate "2012.08.24"]
[SourceVersion "1"]
[SourceVersionDate "2012.08.24"]
[SourceQuality "1"]

1. d4 Nf6 2. Nf3 g6 3. c4 Bg7 4. Nc3 d5 5. cxd5 Nxd5 6. e4 Nxc3 7. bxc3 O-O 8. Be3 c5 9. Qd2 Qa5 10. Rc1 Bg4 11. d5 f5 12. exf5 Bxf3 13. gxf3 Nd7 14. fxg6 Ne5 15. gxh7+ Kh8 16. Be2 Rxf3 17. Rg1 Rh3 18. f4 Bh6 19. Rg3 Rxh2 20. fxe5 Rf8 21. Rg8+ Kxh7 22. Rxf8 1-0

[Event "CAN-op"]
[Site "Victoria CAN"]
[Date "2012.07.08"]
[Round "1.43"]
[White "North, Robert"]
[Black "Hanrahan, Nigel"]
[Result "1-0"]
[WhiteElo "1913"]
[BlackElo "1724"]
[PlyCount "131"]
[GameId "2160767909442526"]
[EventDate "2012.07.08"]
[EventType "swiss"]
[EventRounds "9"]
[EventCountry "CAN"]
[SourceTitle "EXT 2022"]
[Source "ChessBase"]
[SourceDate "2021.10.06"]
[SourceVersion "1"]
[SourceVersionDate "2021.10.06"]
[SourceQuality "1"]

1. d4 Nf6 2. c4 e6 3. g3 d5 4. Nf3 c5 5. dxc5 Bxc5 6. Bg2 O-O 7. O-O Nc6 8. Nc3 dxc4 9. Qa4 Qb6 10. Qxc4 Na5 11. Qh4 Qb4 12. Qxb4 Bxb4 13. Ne5 Bxc3 14. bxc3 Bd7 15. Nxd7 Nxd7 16. Rb1 Nb6 17. Rb5 Nac4 18. Bxb7 Rad8 19. Bf3 Nd2 20. Bxd2 Rxd2 21. Ra5 Rc2 22. Rxa7 Rxc3 23. a4 Ra3 24. a5 Nc4 25. a6 Nd2 26. Rc1 Nxf3+ 27. exf3 g6 28. f4 h6 29. Rc6 Rd8 30. Rcc7 Rd6 31. Rxf7 Raxa6 32. Rg7+ Kf8 33. Raf7+ Ke8 34. Rb7 Kf8 35. Rxg6 Ra2 36. Rxh6 Kg8 37. Rb3 Kg7 38. Rh5 Rdd2 39. Rf3 Kg6 40. Re5 Ra1+ 41. Kg2 Kf6 42. g4 Rdd1 43. g5+ Kf7 44. Rfe3 Rg1+ 45. Kf3 Ra6 46. h4 Rh1 47. Kg4 Rg1+ 48. Rg3 Rh1 49. h5 Ra2 50. Rg2 Ra3 51. Re3 Ra4 52. Rb3 Ra7 53. h6 Rc7 54. Rh3 Rxh3 55. Kxh3 Kg6 56. Kg4 Rc4 57. Rh2 Kh7 58. g6+ Kh8 59. Rh5 Rd4 60. Rb5 Rd8 61. Rb7 Re8 62. Kg5 e5 63. f5 e4 64. h7 e3 65. Kh6 Rg8 66. hxg8=Q+ 1-0

[Event "CAN-op"]
[Site "Victoria CAN"]
[Date "2012.07.08"]
[Round "2"]
[White "Aquino, Manfrei"]
[Black "Cannon, Farley"]
[Result "1/2-1/2"]
[WhiteElo "1827"]
[BlackElo "1720"]
[PlyCount "51"]
[GameId "2160767909442527"]
[EventDate "2012.07.08"]
[EventType "swiss"]
[EventRounds "9"]
[EventCountry "CAN"]
[SourceTitle "EXT 2022"]
[Source "ChessBase"]
[SourceDate "2021.10.06"]
[SourceVersion "1"]
[SourceVersionDate "2021.10.06"]
[SourceQuality "1"]

1. d4 Nf6 2. c4 g6 3. Nc3 Bg7 4. e4 d6 5. Nf3 O-O 6. Be2 e5 7. O-O Nc6 8. dxe5 dxe5 9. Qxd8 Rxd8 10. Bg5 Rf8 11. Bxf6 Bxf6 12. Nd5 Bd8 13. h3 Nd4 14. Rae1 Nxf3+ 15. Bxf3 c6 16. Ne3 Bb6 17. Bg4 Bxe3 18. Rxe3 Bxg4 19. hxg4 Rad8 20. Rfe1 Rd2 21. R1e2 Rfd8 22. f3 Rd1+ 23. Kf2 Rc1 24. b3 a6 25. Re1 Rc2+ 26. R3e2 1/2-1/2

[Event "CAN-op"]
[Site "Victoria CAN"]
[Date "2012.07.08"]
[Round "2"]
[White "Awatramani, Janak"]
[Black "Kazmaier, Daniel"]
[Result "1-0"]
[WhiteElo "2129"]
[BlackElo "2327"]
[PlyCount "97"]
[GameId "2160767909442528"]
[EventDate "2012.07.08"]
[EventType "swiss"]
[EventRounds "9"]
[EventCountry "CAN"]

1. g3 f5 2. Bg2 e5 3. e4 Nf6 4. exf5 d5 5. g4 Bc5 6. Nc3 O-O 7. d3 c6 8. Na4 Qa5+ 9. c3 Bd6 10. b4 Qc7 11. Be3 Nbd7 12. h3 a5 13. a3 axb4 14. axb4 d4 15. Bd2 b5 16. Nb2 Rxa1 17. Qxa1 dxc3 18. Qa2+ Nd5 19. Bxc3 Kh8 20. Qb3 Nxc3 21. Qxc3 c5 22. Ne2 Bb7 23. O-O Bxg2 24. Kxg2 Qb7+ 25. f3 cxb4 26. Qb3 Nf6 27. Rc1 Nd5 28. d4 exd4 29. Nd3 Ra8 30. Nc5 Bxc5 31. Rxc5 Rd8 32. Qd3 Ne3+ 33. Kg3 Qb8+ 34. Nf4 Nc4 35. f6 Ne5 36. fxg7+ Kxg7 37. Ne6+ Kg8 38. Qf5 Nd7+ 39. Rc7 Rc8 40. Qg5+ Kf7 41. Qg7+ Kxe6 42. Qxd7+ Ke5 43. f4+ Ke4 44. Qc6+ Ke3 45. Qf3+ Kd2 46. Qf2+ Kd1 47. Qc2+ Ke1 48. Re7+ Kf1 49. Qf2# 1-0

[Event "CAN-op"]
[Site "Victoria CAN"]
[Date "2012.07.08"]
[Round "2"]
[White "Babb, Jeff"]
[Black "Yoos, John"]
[Result "1/2-1/2"]
[WhiteElo "2144"]
[BlackElo "2343"]
[PlyCount "106"]
[GameId "2160767909442529"]
[EventDate "2012.07.08"]
[EventType "swiss"]
[EventRounds "9"]
[EventCountry "CAN"]
[SourceTitle "EXT 2014"]
[Source "ChessBase"]
[SourceDate "2013.11.20"]
[SourceVersion "1"]
[SourceVersionDate "2013.11.20"]
[SourceQuality "1"]

1. f4 c5 2. Nf3 Nc6 3. e3 g6 4. Be2 Bg7 5. O-O Nf6 6. d3 O-O 7. e4 d6 8. Nc3 Rb8 9. a4 a6 10. Kh1 b5 11. axb5 axb5 12. Qe1 b4 13. Nd1 Bb7 14. Ne3 Qc7 15. g4 Nd4 16. g5 Nd7 17. Bd1 f5 18. Nd5 Qd8 19. c3 bxc3 20. bxc3 Nxf3 21. Bxf3 e6 22. Ne3 fxe4 23. Bxe4 Qc7 24. Bg2 Bxg2+ 25. Nxg2 e5 26. Qe4 Nb6 27. Bd2 c4 28. fxe5 dxe5 29. Be3 cxd3 30. Rxf8+ Rxf8 31. Qxd3 Nc4 32. Qd5+ Qf7 33. Qxf7+ Rxf7 34. Ra8+ Rf8 35. Rxf8+ Bxf8 36. Kg1 Ba3 37. Kf2 Bb2 38. Ke2 Bxc3 39. Kd3 Nxe3 40. Nxe3 Bd4 41. Ng4 Kf7 42. Ke4 Ke6 43. Nh6 Bc3 44. Ng4 Bb2 45. Nf2 Bc1 46. Nd3 Bxg5 47. Nxe5 Bd8 48. Nf3 Kf6 49. Kf4 Bc7+ 50. Kg4 Bd6 51. Kh3 Kf5 52. Kg2 Bc5 53. h3 Kf4 1/2-1/2

[Event "CAN-op"]
[Site "Victoria CAN"]
[Date "2012.07.08"]
[Round "2"]
[White "Barron, Michael"]
[Black "Mikhalevski, Victor"]
[Result "1/2-1/2"]
[WhiteElo "2173"]
[BlackElo "2526"]
[PlyCount "141"]
[GameId "2160767909442530"]
[EventDate "2012.07.08"]
[EventType "swiss"]
[EventRounds "9"]
[EventCountry "CAN"]
[SourceTitle "CBM 149 Extra"]
[Source "ChessBase"]
[SourceDate "2012.08.24"]
[SourceVersion "1"]
[SourceVersionDate "2012.08.24"]
[SourceQuality "1"]

1. e4 e5 2. Nf3 Nc6 3. Bb5 Nf6 4. O-O Nxe4 5. d4 Nd6 6. Bxc6 dxc6 7. dxe5 Nf5 8. Qxd8+ Kxd8 9. Nc3 Bd7 10. h3 Kc8 11. g4 Ne7 12. Ng5 Be8 13. f4 c5 14. f5 h6 15. Nf3 g6 16. f6 Nc6 17. Nd5 b5 18. b3 Bd7 19. Kg2 g5 20. Bb2 Be6 21. Rad1 a5 22. c4 bxc4 23. bxc4 a4 24. Bc3 a3 25. Ne3 Ra4 26. Nd2 Nd4 27. Kf2 Bd7 28. Bxd4 cxd4 29. Nf5 Bc5 30. Ke2 Re8 31. Kd3 Rxe5 32. Nxd4 Ra6 33. Ne4 Bxd4 34. Kxd4 Re8 35. Nc3 Rd6+ 36. Nd5 Re2 37. Rd3 Rxa2 38. Rff3 Be6 39. Rxa3 Rd2+ 40. Rad3 Rxd3+ 41. Rxd3 Bxd5 42. cxd5 c6 43. Ke5 Rxd5+ 44. Rxd5 cxd5 45. Kxd5 Kd7 46. Ke5 Kc6 47. Ke4 Kd6 48. Kd4 Ke6 49. Kc5 Kxf6 50. Kd6 Kg7 51. Kd5 f6 52. Kd4 Kf7 53. Kd3 Ke7 54. Ke3 Kd7 55. Kd3 Ke7 56. Ke3 f5 57. gxf5 Kf6 58. Ke4 h5 59. h4 g4 60. Kf4 Kf7 61. Ke4 Ke8 62. Ke3 Kd8 63. Kd4 Kc8 64. Ke4 Kc7 65. Ke3 Kd6 66. Kd4 Kc6 67. Ke4 Kd6 68. Kd4 Kc6 69. Ke4 Kc5 70. Ke5 Kc6 71. Ke4 1/2-1/2

[Event "CAN-op"]
[Site "Victoria CAN"]
[Date "2012.07.08"]
[Round "2"]
[White "Beaudin, Jesse"]
[Black "Persaud, Hemant"]
[Result "1-0"]
[WhiteElo "1994"]
[BlackElo "1769"]
[PlyCount "118"]
[GameId "2160767909442531"]
[EventDate "2012.07.08"]
[EventType "swiss"]
[EventRounds "9"]
[EventCountry "CAN"]

1. e4 c5 2. Nf3 d6 3. d4 cxd4 4. Nxd4 Nf6 5. Nc3 a6 6. Bg5 e6 7. f4 Be7 8. Qf3 Qc7 9. O-O-O Nbd7 10. g4 b5 11. Bxf6 Nxf6 12. g5 Nd7 13. Bd3 Bb7 14. h4 Nc5 15. f5 b4 16. Nce2 d5 17. Ng3 e5 18. Nb3 Nxb3+ 19. axb3 d4 20. f6 gxf6 21. gxf6 Bf8 22. Qh5 Rg8 23. Rhg1 Rg6 24. Nf5 Rxf6 25. Qxh7 O-O-O 26. h5 Qb6 27. Rg8 Kd7 28. Qh8 Be7 29. Rxd8+ Qxd8 30. Qxd8+ Kxd8 31. Rg1 Rxf5 32. Rg8+ Kd7 33. exf5 e4 34. Be2 Bd6 35. Rg4 Bf8 36. Kd1 Bh6 37. Bc4 Ke7 38. Ke2 Kf6 39. Rg8 Bc6 40. Rd8 Ke5 41. Bxf7 Bg5 42. Rc8 Bd7 43. Rc5+ Kd6 44. Rd5+ Ke7 45. Rxd4 Bxf5 46. Bc4 Bg4+ 47. Kf1 Bh3+ 48. Ke1 Bh4+ 49. Kd1 Bg4+ 50. Be2 Bf5 51. Bxa6 Bf6 52. Rxb4 Bxb2 53. Be2 Bc3 54. Rb7+ Kd6 55. h6 Kc6 56. Rf7 Bg6 57. Ra7 Kd5 58. Rg7 Bxg7 59. hxg7 Bh7 1-0

[Event "CAN-op"]
[Site "Victoria CAN"]
[Date "2012.07.08"]
[Round "2"]
[White "Calugar, Arthur"]
[Black "Kenney, David"]
[Result "1-0"]
[WhiteElo "2404"]
[BlackElo "1978"]
[PlyCount "35"]
[GameId "2160767909442533"]
[EventDate "2012.07.08"]
[EventType "swiss"]
[EventRounds "9"]
[EventCountry "CAN"]

1. e4 d6 2. d4 Nf6 3. Nc3 g6 4. Bg5 Bg7 5. f4 h6 6. Bh4 O-O 7. Nf3 Bg4 8. h3 Bxf3 9. Qxf3 c6 10. O-O-O Qc7 11. e5 Ne8 12. Bd3 dxe5 13. dxe5 Na6 14. f5 g5 15. f6 Qxe5 16. fxg7 Kxg7 17. Bg3 Qf6 18. Qe4 1-0

[Event "CAN-op"]
[Site "Victoria CAN"]
[Date "2012.07.08"]
[Round "2"]
[White "Chan, James"]
[Black "Villavieja, Butch"]
[Result "0-1"]
[WhiteElo "2128"]
[BlackElo "2303"]
[PlyCount "109"]
[GameId "2160767909442534"]
[EventDate "2012.07.08"]
[EventType "swiss"]
[EventRounds "9"]
[EventCountry "CAN"]

1. e4 c5 2. Nf3 d6 3. d4 cxd4 4. Nxd4 Nf6 5. Nc3 g6 6. Be3 Bg7 7. f3 O-O 8. Qd2 Nc6 9. g4 Nxd4 10. Bxd4 Be6 11. h4 Qa5 12. h5 Rac8 13. hxg6 fxg6 14. Qh2 Rf7 15. Qd2 a6 16. a3 b5 17. Ne2 Qc7 18. c3 Bb3 19. g5 Nh5 20. Bxg7 Kxg7 21. Nd4 Ng3 22. Rg1 Nxf1 23. Rxf1 Qc4 24. Kf2 Rcf8 25. Kg2 Kg8 26. Rae1 e5 27. Ne2 Qe6 28. Rf2 Qe7 29. Rg1 Bc4 30. Qe3 a5 31. Kf1 d5 32. Ke1 b4 33. axb4 axb4 34. Rgg2 b3 35. Rg4 Qc7 36. Kf1 Qd7 37. exd5 Bxd5 38. Rg3 Bc4 39. Kg2 Qb7 40. Ng1 Rf5 41. Kh2 Bd5 42. Rf1 Qc6 43. Rf2 Qc4 44. Kg2 Qc7 45. Ne2 Qc4 46. Ng1 Qh4 47. Ne2 Qa4 48. Kh2 Qa1 49. Qd2 Qb1 50. Qe3 Bc4 51. Ng1 Bd3 52. Qe4 Bc4 53. Qa8 Qc2 54. f4 Rb8 55. Qa7 0-1

[Event "CAN-op"]
[Site "Victoria CAN"]
[Date "2012.07.08"]
[Round "2"]
[White "Chen, Howard"]
[Black "Fedorowicz, John"]
[Result "1/2-1/2"]
[WhiteElo "2357"]
[BlackElo "2440"]
[PlyCount "29"]
[GameId "2160767909442535"]
[EventDate "2012.07.08"]
[EventType "swiss"]
[EventRounds "9"]
[EventCountry "CAN"]
[SourceTitle "CBM 149 Extra"]
[Source "ChessBase"]
[SourceDate "2012.08.24"]
[SourceVersion "1"]
[SourceVersionDate "2012.08.24"]
[SourceQuality "1"]

1. d4 Nf6 2. Nf3 e6 3. e3 c5 4. Bd3 cxd4 5. exd4 b6 6. O-O Bb7 7. c4 Be7 8. Nc3 d5 9. Re1 O-O 10. Bg5 Nc6 11. a3 Rc8 12. cxd5 Nxd5 13. h4 Nxc3 14. bxc3 h6 15. Bxh6 1/2-1/2

[Event "CAN-op"]
[Site "Victoria CAN"]
[Date "2012.07.08"]
[Round "2"]
[White "Cheng, Jack"]
[Black "Plotkin, Mark"]
[Result "1/2-1/2"]
[WhiteElo "1987"]
[BlackElo "1877"]
[PlyCount "110"]
[GameId "2160767909442536"]
[EventDate "2012.07.08"]
[EventType "swiss"]
[EventRounds "9"]
[EventCountry "CAN"]
[SourceTitle "CBM 149 Extra"]
[Source "ChessBase"]
[SourceDate "2012.08.24"]
[SourceVersion "1"]
[SourceVersionDate "2012.08.24"]
[SourceQuality "1"]

1. e4 c5 2. Nf3 d6 3. d4 cxd4 4. Nxd4 Nf6 5. Nc3 g6 6. Be3 Bg7 7. f3 Nc6 8. Qd2 O-O 9. Bc4 Bd7 10. O-O-O Rb8 11. Bb3 a5 12. h4 Nxd4 13. Bxd4 b5 14. Bxf6 Bxf6 15. h5 g5 16. Nd5 a4 17. Nxf6+ exf6 18. Bd5 Rc8 19. f4 Bg4 20. Rdf1 a3 21. fxg5 axb2+ 22. Kxb2 fxg5 23. Qd4 Qe7 24. h6 Qe5 25. Qxe5 dxe5 26. Rf6 Rc7 27. Rhf1 Re7 28. Rb6 Rc8 29. Rf2 Bd7 30. Rb7 Kf8 31. Bxf7 Rxf7 32. Rxf7+ Kxf7 33. Rxd7+ Kg6 34. Rd5 Rc4 35. Rxe5 Kxh6 36. Kb3 g4 37. g3 Kg6 38. c3 h5 39. Re6+ Kg5 40. Re5+ Kg6 41. Rxb5 Rxe4 42. a4 Re3 43. a5 Rxg3 44. a6 Rg1 45. Ra5 Rb1+ 46. Kc2 Rb8 47. a7 Ra8 48. Kd2 h4 49. Ke3 g3 50. Kf3 Kf6 51. Kg2 Ke6 52. Kh3 Kd6 53. Ra4 Kc5 54. Rxh4 Rxa7 55. Kxg3 Ra3 1/2-1/2

[Event "CAN-op"]
[Site "Victoria CAN"]
[Date "2012.07.08"]
[Round "2"]
[White "Daniluk, Jim"]
[Black "Ozkan, Charlie"]
[Result "1-0"]
[WhiteElo "1968"]
[BlackElo "1967"]
[PlyCount "60"]
[GameId "2160767909442537"]
[EventDate "2012.07.08"]
[EventType "swiss"]
[EventRounds "9"]
[EventCountry "CAN"]
[SourceTitle "CBM 149 Extra"]
[Source "ChessBase"]
[SourceDate "2012.08.24"]
[SourceVersion "1"]
[SourceVersionDate "2012.08.24"]
[SourceQuality "1"]

1. d4 f5 2. Nc3 Nf6 3. Bg5 d5 4. Bxf6 gxf6 5. e3 Be6 6. Qh5+ Kd7 7. Bd3 Qe8 8. Qf3 Qf7 9. Nh3 Bh6 10. Bxf5 Bxf5 11. Qxf5+ e6 12. Qf3 Nc6 13. O-O-O Rhg8 14. Nf4 Rae8 15. Kb1 Bxf4 16. exf4 f5 17. g3 Qe7 18. a3 b5 19. Rhe1 Qf8 20. Nxd5 exd5 21. Qxd5+ Qd6 22. Qxf5+ Kd8 23. Qxb5 Ref8 24. d5 Ne7 25. Re6 Qd7 26. Qb8+ Nc8 27. d6 c5 28. Re7 Qc6 29. Rc7 Qa6 30. Rxc8+ Qxc8 1-0

[Event "CAN-op"]
[Site "Victoria CAN"]
[Date "2012.07.08"]
[Round "2"]
[White "Davies, Lucas"]
[Black "Piasetski, Leon"]
[Result "1/2-1/2"]
[WhiteElo "2174"]
[BlackElo "2290"]
[PlyCount "44"]
[GameId "2160767909442538"]
[EventDate "2012.07.08"]
[EventType "swiss"]
[EventRounds "9"]
[EventCountry "CAN"]
[SourceTitle "CBM 149 Extra"]
[Source "ChessBase"]
[SourceDate "2012.08.24"]
[SourceVersion "1"]
[SourceVersionDate "2012.08.24"]
[SourceQuality "1"]

1. e4 c5 2. Nc3 Nc6 3. g3 g6 4. Bg2 Bg7 5. d3 Rb8 6. Be3 d6 7. Qd2 Qa5 8. Nge2 Nd4 9. O-O e5 10. f4 Ne7 11. Nc1 f6 12. Nb3 Qc7 13. fxe5 dxe5 14. Ne2 Be6 15. Nbc1 O-O 16. c3 Nxe2+ 17. Nxe2 Rbd8 18. d4 f5 19. d5 c4 20. Rad1 Rd6 21. Bh3 Bd7 22. Qc2 h6 1/2-1/2

[Event "CAN-op"]
[Site "Victoria CAN"]
[Date "2012.07.08"]
[Round "2"]
[White "Erichsen, Dan"]
[Black "Han, Yiming"]
[Result "1/2-1/2"]
[WhiteElo "2123"]
[BlackElo "2060"]
[PlyCount "101"]
[GameId "2160767909442539"]
[EventDate "2012.07.08"]
[EventType "swiss"]
[EventRounds "9"]
[EventCountry "CAN"]
[SourceTitle "CBM 149 Extra"]
[Source "ChessBase"]
[SourceDate "2012.08.24"]
[SourceVersion "1"]
[SourceVersionDate "2012.08.24"]
[SourceQuality "1"]

1. e4 e5 2. Nf3 Nc6 3. Bb5 a6 4. Ba4 Nf6 5. O-O b5 6. Bb3 Bc5 7. c3 Bb6 8. d4 O-O 9. Bg5 h6 10. Bh4 g5 11. dxe5 Nh5 12. Bg3 Qe7 13. Bd5 Rb8 14. Nbd2 Nxg3 15. hxg3 Nxe5 16. Nxe5 Qxe5 17. Qh5 Kg7 18. Kh2 d6 19. Nf3 Qf6 20. Rad1 Qg6 21. Qxg6+ Kxg6 22. e5 Kg7 23. exd6 cxd6 24. Nd4 Bd7 25. Bf3 Bc7 26. Bc6 Be6 27. Rfe1 Rb6 28. a3 Bc4 29. Bd7 Kf6 30. f4 Rd8 31. Bg4 a5 32. Kg1 a4 33. fxg5+ hxg5 34. Rd2 d5 35. Rf2+ Kg6 36. Re7 Bd6 37. Re3 Bb8 38. Bf5+ Kg7 39. Bc2 Rh8 40. Re7 Rf6 41. Nf5+ Kf8 42. Rb7 Be5 43. Ra7 Re6 44. Ra8+ Re8 45. Rxe8+ Kxe8 46. Rf3 f6 47. Re3 Kf7 48. g4 Re8 49. Kf2 Bf4 50. Rxe8 Kxe8 51. Ne3 1/2-1/2

[Event "CAN-op"]
[Site "Victoria CAN"]
[Date "2012.07.08"]
[Round "2"]
[White "Gedajlovic, Max"]
[Black "Ji, Yunqi"]
[Result "1/2-1/2"]
[WhiteElo "1601"]
[BlackElo "1765"]
[PlyCount "62"]
[GameId "2160767909442540"]
[EventDate "2012.07.08"]
[EventType "swiss"]
[EventRounds "9"]
[EventCountry "CAN"]
[SourceTitle "EXT 2022"]
[Source "ChessBase"]
[SourceDate "2021.10.06"]
[SourceVersion "1"]
[SourceVersionDate "2021.10.06"]
[SourceQuality "1"]

1. d4 Nf6 2. c4 e6 3. Nc3 Bb4 4. Qc2 O-O 5. a3 Bxc3+ 6. Qxc3 d5 7. Nf3 dxc4 8. e3 b6 9. Bxc4 Bb7 10. Be2 Nbd7 11. O-O c5 12. Rd1 Qe7 13. b3 Rac8 14. Qe1 e5 15. Bb2 cxd4 16. exd4 e4 17. Bc4 Rfe8 18. Ne5 Nxe5 19. dxe5 Nd7 20. Bd5 Bxd5 21. Rxd5 Rc2 22. Bd4 Rec8 23. h3 h6 24. Rd1 f5 25. exf6 Nxf6 26. Bxf6 Qxf6 27. R5d2 Qf4 28. Qe2 Rc1 29. g3 Rxd1+ 30. Qxd1 Qf5 31. Kg2 Rc3 1/2-1/2

[Event "CAN-op"]
[Site "Victoria CAN"]
[Date "2012.07.08"]
[Round "2"]
[White "Hansen, Eric"]
[Black "Laceste, Loren"]
[Result "1-0"]
[WhiteElo "2460"]
[BlackElo "2297"]
[PlyCount "87"]
[GameId "2160767909442541"]
[EventDate "2012.07.08"]
[EventType "swiss"]
[EventRounds "9"]
[EventCountry "CAN"]
[SourceTitle "CBM 149 Extra"]
[Source "ChessBase"]
[SourceDate "2012.08.24"]
[SourceVersion "1"]
[SourceVersionDate "2012.08.24"]
[SourceQuality "1"]

1. c4 e6 2. Nf3 d5 3. d4 Nf6 4. Nc3 Be7 5. Bg5 O-O 6. e3 b6 7. Rc1 Bb7 8. Bxf6 Bxf6 9. cxd5 exd5 10. Be2 a6 11. b4 Nd7 12. Qb3 Be7 13. O-O Nf6 14. Rfd1 Bd6 15. Ne1 Ne4 16. Nd3 Re8 17. Nxe4 dxe4 18. Ne5 Rf8 19. Bc4 Qe8 20. Bd5 Bxd5 21. Qxd5 Rd8 22. g3 Kh8 23. Nc6 Ra8 24. Qf5 f6 25. a4 Qg6 26. Qxg6 hxg6 27. f3 Rae8 28. f4 Kg8 29. Kg2 Kf7 30. d5 Rh8 31. Rd4 Rh5 32. Rcc4 f5 33. Ne5+ Kf6 34. g4 fxg4 35. Nxg4+ Kf5 36. Nf2 b5 37. axb5 axb5 38. Rxe4 Reh8 39. Rcd4 Rxh2+ 40. Kf3 g5 41. Re6 g4+ 42. Kg3 R8h3+ 43. Nxh3 Rxh3+ 44. Kg2 1-0

[Event "CAN-op"]
[Site "Victoria CAN"]
[Date "2012.07.08"]
[Round "2"]
[White "Jessa, Omar"]
[Black "MacKinnon, Keith"]
[Result "0-1"]
[WhiteElo "1853"]
[BlackElo "2353"]
[PlyCount "70"]
[GameId "2160767909442542"]
[EventDate "2012.07.08"]
[EventType "swiss"]
[EventRounds "9"]
[EventCountry "CAN"]

1. g3 g6 2. Bg2 Bg7 3. e4 c5 4. Ne2 Nc6 5. Nbc3 d6 6. O-O e6 7. d3 Nge7 8. Be3 Nd4 9. Qd2 O-O 10. Nd1 Rb8 11. h4 b5 12. h5 b4 13. a3 a5 14. Nxd4 cxd4 15. Bh6 f6 16. Bxg7 Kxg7 17. axb4 axb4 18. Ra7 Bd7 19. Ra6 Qc7 20. c3 Nc6 21. cxd4 Nxd4 22. Ne3 Bb5 23. Ra2 Nb3 24. Qd1 Nc5 25. Qa1 Bxd3 26. Rc1 Qd8 27. Rxc5 dxc5 28. Ra7+ Kg8 29. Rxh7 Ra8 30. Ra7 gxh5 31. Rxa8 Qxa8 32. Qd1 c4 33. Qxh5 Qb7 34. Bh3 Qxe4 35. Bxe6+ Qxe6 0-1

[Event "CAN-op"]
[Site "Victoria CAN"]
[Date "2012.07.08"]
[Round "2"]
[White "Kalisvaart, Peter"]
[Black "Herdin, Matthew"]
[Result "1/2-1/2"]
[WhiteElo "2035"]
[BlackElo "1923"]
[PlyCount "84"]
[GameId "2160767909442543"]
[EventDate "2012.07.08"]
[EventType "swiss"]
[EventRounds "9"]
[EventCountry "CAN"]

1. d4 d6 2. c4 Nf6 3. Nc3 g6 4. e4 Bg7 5. Nf3 O-O 6. Be2 e5 7. dxe5 dxe5 8. Qxd8 Rxd8 9. Bg5 Re8 10. Rd1 h6 11. Bxf6 Bxf6 12. Nd5 Bd8 13. O-O c6 14. Nc3 Bc7 15. Rd2 Nd7 16. Rfd1 Nf8 17. Ne1 b6 18. Nc2 a5 19. b3 Bb7 20. Bg4 Rad8 21. Bd7 Re7 22. Bh3 Rxd2 23. Rxd2 Re8 24. Ne3 Kg7 25. g3 Bc8 26. Bxc8 Rxc8 27. Kf1 Ne6 28. Nc2 Rd8 29. Rxd8 Bxd8 30. Ke2 Bc7 31. Kd3 f5 32. f3 Nc5+ 33. Ke3 f4+ 34. gxf4 exf4+ 35. Ke2 Be5 36. Na4 Nxa4 37. bxa4 Kf6 38. Ne1 g5 39. Nd3 Bd4 40. h3 c5 41. Kf1 h5 42. Kg2 h4 1/2-1/2

[Event "CAN-op"]
[Site "Victoria CAN"]
[Date "2012.07.08"]
[Round "2"]
[White "Leblanc, Paul"]
[Black "Hannan, Kelsey"]
[Result "1-0"]
[WhiteElo "1887"]
[BlackElo "1749"]
[PlyCount "111"]
[GameId "2160767909442544"]
[EventDate "2012.07.08"]
[EventType "swiss"]
[EventRounds "9"]
[EventCountry "CAN"]
[SourceTitle "EXT 2022"]
[Source "ChessBase"]
[SourceDate "2021.10.06"]
[SourceVersion "1"]
[SourceVersionDate "2021.10.06"]
[SourceQuality "1"]

1. d4 d5 2. c4 e6 3. g3 Nf6 4. Bg2 c6 5. Nf3 Be7 6. O-O O-O 7. b3 Nbd7 8. Nc3 c5 9. cxd5 exd5 10. Bb2 Nb6 11. Rc1 Bf5 12. dxc5 Bxc5 13. Nb5 Ne4 14. Nh4 Nxf2 15. Rxf2 Bxf2+ 16. Kxf2 Be4 17. Ba3 Qf6+ 18. Kg1 Rfc8 19. Rxc8+ Nxc8 20. Bxe4 dxe4 21. Bb2 Qb6+ 22. Qd4 Qxd4+ 23. Bxd4 Ne7 24. Nxa7 Nc6 25. Nxc6 bxc6 26. a4 g6 27. Ng2 f5 28. Kf1 Kf7 29. Ke1 Rb8 30. a5 Rxb3 31. a6 Ra3 32. a7 Ke6 33. Ne3 Ra4 34. Bc5 Kd7 35. h4 Kc7 36. Nc4 Kb7 37. Nd6+ Ka8 38. Ne8 Rxa7 39. Bxa7 Kxa7 40. h5 gxh5 41. Nf6 Kb6 42. Nxh5 Kc5 43. Ng7 Kd5 44. Nxf5 Ke5 45. Ne3 c5 46. Kd2 Kd4 47. Ng4 h5 48. e3+ Kc4 49. Nf6 Kb3 50. Nxe4 Kc4 51. Nf6 Kb3 52. e4 c4 53. Nd5 c3+ 54. Nxc3 Kc4 55. Ke3 Kc5 56. Kf4 1-0

[Event "CAN-op"]
[Site "Victoria CAN"]
[Date "2012.07.08"]
[Round "2"]
[White "Lessler, Peter"]
[Black "Wang, Richard"]
[Result "0-1"]
[WhiteElo "2217"]
[BlackElo "2322"]
[PlyCount "92"]
[GameId "2160767909442545"]
[EventDate "2012.07.08"]
[EventType "swiss"]
[EventRounds "9"]
[EventCountry "CAN"]
[SourceTitle "CBM 149 Extra"]
[Source "ChessBase"]
[SourceDate "2012.08.24"]
[SourceVersion "1"]
[SourceVersionDate "2012.08.24"]
[SourceQuality "1"]

1. d4 d5 2. c4 c6 3. Nf3 Nf6 4. e3 Bf5 5. Nc3 e6 6. Nh4 Bg6 7. Nxg6 hxg6 8. Bd2 Nbd7 9. Rc1 Bd6 10. g3 Qe7 11. Qb3 Rb8 12. Bg2 O-O 13. O-O dxc4 14. Qxc4 e5 15. Rfe1 g5 16. a3 g4 17. b4 e4 18. h3 gxh3 19. Bxh3 Nb6 20. Qe2 Nfd5 21. Bf5 Nf6 22. Kg2 g6 23. Bg4 Nfd5 24. Rh1 f5 25. Rh6 Kg7 26. Rch1 Nf6 27. f3 fxg4 28. fxe4 Nbd7 29. e5 Nxe5 30. dxe5 Qxe5 31. Qe1 Nh5 32. R6xh5 gxh5 33. Ne2 Qe4+ 34. Kg1 Kg6 35. Nc3 Qd3 36. Ne2 Rbe8 37. Rh2 Rf3 38. Nf4+ Bxf4 39. gxf4 Rexe3 40. Bxe3 Rxe3 41. f5+ Kf7 42. Qc1 Rg3+ 43. Rg2 Qd4+ 44. Kf1 Rf3+ 45. Ke1 Qe5+ 46. Re2 Qg3+ 0-1